| 000 | 01108nam a2200277 a 4500 | ||
|---|---|---|---|
| 001 | BRCA_4496 | ||
| 005 | 20190320204707.0 | ||
| 008 | 140910s1831----fr-a######---#000-0#fre-# | ||
| 041 | _afre | ||
| 044 | _afr | ||
| 050 | 4 |
_aF1213 _b.B48 3 _c1831 |
|
| 100 | 1 |
_aBeulloch, M. _911392 |
|
| 245 | 1 | 0 |
_aVoyage au Mexique _bcontenant des Notions Exactes et peu connues sur la situation Physique, Morale et Politique de ce pays _cpar M. Beulloch ; Ouvrage Traduit de L´anglais par M. Beulloch ; précédé d´une introduction, et enrichi de piéces justificatives et de notes par John Bierley. |
| 260 |
_aParís _bLebigre Fréres _c1831 |
||
| 300 |
_a368 p. (v.2) _bil., 1 plano plegable _c20 cm. |
||
| 500 | _aIncluye un catálogo de plantas de los jardínes botánicos de México | ||
| 500 | _aEncuadernación deteriorada | ||
| 500 | _aEjemplar igual a B149 (2 v.) y C102 (v.1) | ||
| 500 | _aCG4 | ||
| 650 | 1 | 4 |
_aViajeros ingleses _97018 |
| 651 | 4 |
_aMéxico _xDescripción y viajes _9103 |
|
| 651 | 4 |
_aMéxico _xViajeros ingleses _911393 |
|
| 700 | 1 |
_aBierley, John _99875 |
|
| 902 | _aGFM | ||
| 942 |
_2lcc _cB |
||
| 999 |
_c4202 _d4202 |
||